Nichtlineare Optimierung

Guardado en:
Detalles Bibliográficos
Autor principal: Elster, K.H
Formato: Libro
Lenguaje:alemán
Publicado: Leipzig Teubner 1980
Edición:2. überarb. Aufl.
Colección:Mathematik für Ingenieure, Naturwissenschaftler, Ökonomen und Landwirte.
Etiquetas: Agregar Etiqueta
Sin Etiquetas, Sea el primero en etiquetar este registro!

MARC

LEADER 00000nam a2200000 4500
001 c111669
005 20190506133336.8
041 0 |a ger 
044 |a DE 
245 1 0 |a Nichtlineare Optimierung  |c K.H. Elster 
250 |a 2. überarb. Aufl. 
264 1 |a Leipzig  |b Teubner  |c 1980 
300 |a 104 s. 
490 1 |a Mathematik für Ingenieure, Naturwissenschaftler, Ökonomen und Landwirte. 
830 0 |a Mathematik für Ingenieure, Naturwissenschaftler, Ökonomen und Landwirte. 
100 1 |a Elster, K.H.